| 000 | 01067nam a22002057a 4500 | ||
|---|---|---|---|
| 999 |
_c1894 _d1894 |
||
| 005 | 20251125232740.0 | ||
| 008 | s2528 th tha d | ||
| 040 | _aNALT | ||
| 041 | _atha | ||
| 050 | _aDS570.6 ธ262ส | ||
| 100 | 0 | _aธนิต อยู่โพธิ์ | |
| 245 | 1 | 0 | _aสมเด็จเจ้าพระยาบรมมหาศรีสุริยวงศ์ เมื่อเป็นผู้สำเร็จราชการแผ่นดินในตอนต้นรัชกาลที่ 5 [5th] |
| 260 | 3 |
_aกรุงเทพฯ : _bสมาคมประวัติศาสตร์ฯ, _c2528 |
|
| 300 | _a106 หน้า | ||
| 650 | 0 | 4 | _aศรีสุริยวงศ์, สมเด็จเจ้าพระยาบรมมหา, 2351-- |
| 650 | 0 | 4 | _aไทย -- ประวัติศาสตร์ -- กรุงรัตนโกสินทร์ -- รัชกาลที่ 5 |
| 850 | _aNALT | ||
| 856 | 4 | 0 |
_uhttps://hdl.handle.net/20.500.14156/361785 _71 |
| 942 |
_cGB _2lcc |
||